Teatro
Zapisane w:
| 1. autor: | |
|---|---|
| Format: | Książka |
| Język: | hiszpański |
| Wydane: |
Buenos Aires
Losada
1957
|
| Seria: | Gran Teatro del Mundo
|
| Hasła przedmiotowe: | |
| Etykiety: |
Dodaj etykietę
Nie ma etykietki, Dołącz pierwszą etykiete!
|
MARC
| LEADER | 00000nam a2200000 a 4500 | ||
|---|---|---|---|
| 001 | UCQ5147 | ||
| 003 | CL-VaPUC | ||
| 008 | 980925e19570000AG |||||||||||||||||spa|d | ||
| 082 | 0 | 4 | |a 852 |b BET |2 21 |
| 100 | 0 | |a Betti, Ugo |e author |9 419321 | |
| 245 | 1 | 0 | |a Teatro |
| 246 | 1 | 0 | |a Marido y mujer |
| 246 | 1 | 0 | |a Delito en la isla de Las Cabras |
| 246 | 1 | 0 | |a Lucha hasta el alba |
| 246 | 1 | 0 | |a Corrupción en el palacio de justicia |
| 300 | |a 266 p | ||
| 942 | |c BK | ||
| 945 | |d 19980925 00:00:00 |a crobeson | ||
| 260 | |a Buenos Aires |b Losada |c 1957 | ||
| 650 | 7 | |a DRAMAS ITALIANOS |2 CL-VaPUC |9 419322 | |
| 650 | 0 | |a Literatura italiana |9 266970 | |
| 583 | |a last modification |c 19980925 00:00:00 |k Rodrigo Vera | ||
| 490 | 0 | |a Gran Teatro del Mundo | |
| 999 | |c 275364 |d 275362 | ||
| 952 | |0 0 |1 0 |4 0 |6 852_000000000000000_BET_1957 |7 0 |8 A |9 312097 |a BIBEDU |b BIBEDU |d 2019-11-20 |i 1468456 |o 852 BET 1957 |p 1468456 |r 2019-11-20 |w 2019-11-20 |y BK |k LIT | ||